[Event "FSIM December 2012"]
[Site "Budapest HUN"]
[Date "2012.12.03"]
[Round "2.2"]
[White "Kislik,E"]
[Black "Grimm,D"]
[Result "1-0"]
[WhiteElo "2361"]
[BlackElo "2198"]

1.d4 Nf6 2.c4 g6 3.Nc3 Bg7 4.e4 d6 5.Nf3 O-O 6.Be2 e5 7.O-O Nc6 8.d5 Ne7
9.Ne1 Nd7 10.Be3 f5 11.f3 Nf6 12.c5 f4 13.Bf2 g5 14.Rc1 a6 15.Na4 g4 16.cxd6 cxd6
17.fxg4 b5 18.Nb6 Rb8 19.Nxc8 Rxc8 20.Rxc8 Qxc8 21.Bf3 Qc4 22.b3 Qc3 23.g5 Nd7
24.Nd3 Rc8 25.Bg4 Rc7 26.Qe2 Bf8 27.h4 Qa5 28.g3  1-0

[Event "4th London Classic Open"]
[Site "London ENG"]
[Date "2012.12.03"]
[Round "3"]
[White "Takahashi,R"]
[Black "Britton,R"]
[Result "0-1"]
[WhiteElo "2079"]
[BlackElo "2233"]

1.d4 Nf6 2.c4 g6 3.Nc3 Bg7 4.Nf3 O-O 5.e4 d6 6.Be2 e5 7.O-O Nc6 8.d5 Ne7
9.Ne1 Ne8 10.Be3 f5 11.f3 f4 12.Bf2 g5 13.c5 Ng6 14.a4 Rf7 15.Nd3 Nf6 16.a5 h5
17.a6 b6 18.Nb4 bxc5 19.Nc6 Qf8 20.Nb5 g4 21.Nbxa7 g3 22.hxg3 fxg3 23.Bxg3 h4
24.Bh2 Bh6 25.Nxc8 Be3+ 26.Kh1 Nh5 27.Bxe5 dxe5 28.Bc4 Ng3+ 29.Kh2 Rxc8 30.a7 Rd7
31.a8=Q Rxa8 32.Rxa8 Qxa8 33.d6+ Kg7 34.Qd5 Nxf1+  0-1

[Event "4th London Classic Open"]
[Site "London ENG"]
[Date "2012.12.05"]
[Round "5.1"]
[White "Melkumyan,H"]
[Black "Zhou,Y"]
[Result "1-0"]
[WhiteElo "2649"]
[BlackElo "2419"]

1.d4 Nf6 2.c4 g6 3.Nc3 Bg7 4.e4 O-O 5.Nf3 d6 6.Be2 e5 7.O-O Nc6 8.d5 Ne7
9.Kh1 Ne8 10.Ne1 f5 11.exf5 Nxf5 12.Bd3 Nf6 13.Nf3 Nd4 14.Ng5 Qe7 15.Nge4 Nxe4
16.Nxe4 Bf5 17.Bg5 Qd7 18.f3 c5 19.Qd2 Bxe4 20.Bxe4 a5 21.b3 b6 22.Rab1 Bf6
23.Be3 Nf5 24.Bf2 Qe7 25.Qd3 Bg5 26.g3 Bh6 27.h4 Kh8 28.Kg2 Ng7 29.g4 Bf4
30.Rh1 Ne8 31.h5 g5 32.a3 Nf6 33.Rb2 Ra7 34.Rhb1 Rfa8 35.Qc2 Qc7 36.b4 axb4
37.axb4 Kg7 38.bxc5 bxc5 39.h6+ Kxh6 40.Bxh7 e4 41.Bxe4 Kg7 42.Rh1 Rh8 43.Rxh8 Kxh8
44.Bf5 Kg7 45.Qb1 Nd7 46.Qh1 Nf6 47.Re2 Qf7 48.Qe1 Ng8 49.Bg3 Re7 50.Bxf4 gxf4
51.Be6 Qf6 52.g5 Qg6 53.Qh4 Nf6 54.Qxf4 Nh7 55.Qxd6 Qxg5+ 56.Kf1 Qf6 57.Qg3+ Qg5
58.Kf2 Qxg3+ 59.Kxg3 Kf6 60.f4 Nf8 61.Re5 Ra7 62.Rf5+ Kg7 63.Kg4 Nh7 64.Re5 Nf6+
65.Kg5 Ra1 66.d6  1-0

[Event "4th London Classic Open"]
[Site "London ENG"]
[Date "2012.12.05"]
[Round "5"]
[White "Veznik,Michael"]
[Black "Friedland,J"]
[Result "0-1"]
[WhiteElo "1877"]
[BlackElo "2125"]

1.Nf3 d6 2.c4 g6 3.e4 Bg7 4.d4 Nf6 5.Nc3 O-O 6.Be2 e5 7.O-O Nc6 8.d5 Ne7
9.Ne1 Ne8 10.f4 f5 11.fxe5 dxe5 12.exf5 gxf5 13.Nf3 h6 14.Be3 Ng6 15.Qd2 Kh7
16.Rad1 Nf6 17.Bc5 Rg8 18.Qe1 b6 19.Ba3 Ng4 20.Qd2 e4 21.Nd4 e3 22.Qc2 Nf2
23.Nxf5 Bxf5 24.Qxf5 Nxd1 25.Nxd1 Qg5 26.Qxg5 hxg5 27.g3 Bd4 28.Kg2 Ne5 29.b3 Rae8
30.Re1 g4 31.Bc1 Rgf8 32.Bxe3 Nf3 33.Bd3+ Kg8 34.Re2 Bxe3 35.Nxe3 Nd4 36.Re1 a5
37.Nc2 Nxc2 38.Rxe8 Rxe8 39.Kf2 Nd4 40.h3 gxh3 41.g4 h2 42.Kg2 Re3  0-1

[Event "4th London Classic Open"]
[Site "London ENG"]
[Date "2012.12.05"]
[Round "5"]
[White "Guthrie,D"]
[Black "Boger,R"]
[Result "1-0"]
[WhiteElo "2167"]
[BlackElo "1946"]

1.d4 Nf6 2.c4 g6 3.Nc3 Bg7 4.e4 d6 5.Be2 O-O 6.Nf3 e5 7.O-O Nc6 8.d5 Ne7
9.b4 Ne8 10.a4 f5 11.Ba3 fxe4 12.Nxe4 Rf4 13.Nfg5 h6 14.g3 hxg5 15.gxf4 gxf4
16.Bg4 Nf5 17.Qf3 Nf6 18.Nxf6+ Qxf6 19.Kh1 Kf7 20.c5 Bd7 21.cxd6 cxd6 22.Rac1 Re8
23.Rc7 Re7 24.b5 e4 25.Qh3 Qe5 26.Rxb7 Qxd5 27.Rxa7 Bd4 28.Rd1 Be6 29.Bxf5 e3+
30.f3 Rxa7 31.Bxe6+ Qxe6 32.Qxe6+ Kxe6 33.Rxd4 d5 34.Kg1 Rc7 35.b6 e2 36.Kf2 Rc3
37.Kxe2 Rxa3 38.Rb4 Re3+ 39.Kf2 d4 40.b7 d3 41.Re4+  1-0

[Event "4th London Classic Open"]
[Site "London ENG"]
[Date "2012.12.06"]
[Round "6"]
[White "Nettleton,Charlie B"]
[Black "Whitehead,D"]
[Result "1/2-1/2"]
[WhiteElo "1845"]
[BlackElo "2059"]

1.d4 Nf6 2.c4 g6 3.Nc3 Bg7 4.e4 d6 5.Nf3 O-O 6.Be2 e5 7.O-O Nc6 8.d5 Ne7
9.b4 Nh5 10.Ba3 Nf4 11.Nd2 Nxe2+ 12.Qxe2 f5 13.f3 f4 14.c5 g5 15.Nc4 Rf6
16.cxd6 cxd6 17.b5 Rh6 18.Bb4 Bf8 19.Rac1 Kh8 20.Nd1 Ng8 21.Nf2 Nf6 22.Ng4 Nxg4
23.fxg4 Rh4 24.h3 Qf6 25.Nd2 Be7 26.Rc2 Bd8 27.Rfc1 Bb6+ 28.Kh2 Bxg4 29.Qf1 Bd7
30.Nc4 g4 31.Bxd6 Bd4 32.Rd1 gxh3 33.Rxd4 hxg2+ 34.Kxg2 Qg5+ 35.Kf2 Qg3+
36.Ke2 exd4 37.Be5+ Kg8 38.Kd1 Bh3 39.Qf2 Qxf2 40.Rxf2 Bg4+ 41.Kd2 f3 42.Bxd4 Bf5
43.Rxf3 Bxe4 44.Rg3+ Bg6 45.Kc3 Rc8 46.d6 Re4 47.d7 Rd8 48.Ne5 Rxe5  1/2-1/2

[Event "60th ch-HUN w 2012"]
[Site "Kisvarda HUN"]
[Date "2012.12.08"]
[Round "5"]
[White "Varga,Kl"]
[Black "Papp,Petra"]
[Result "1/2-1/2"]
[WhiteElo "2210"]
[BlackElo "2254"]

1.c4 g6 2.Nc3 Bg7 3.Nf3 Nf6 4.e4 d6 5.d4 O-O 6.Be2 e5 7.O-O Nc6 8.dxe5 dxe5
9.Bg5 Qxd1 10.Rfxd1 Bg4 11.c5 h6 12.Be3 Rfd8 13.h3 Bxf3 14.Bxf3 Nd4 15.Bxd4 exd4
16.Nd5 c6 17.Nxf6+ Bxf6 18.Be2 Rab8 19.Rab1 Bg7 20.Bd3 Bf6 21.Be2 Bg7 22.Bd3 Bf6
23.Be2 Bg7  1/2-1/2

[Event "5th Kolkata Open"]
[Site "Kolkata IND"]
[Date "2012.12.08"]
[Round "6"]
[White "Vishnu,P"]
[Black "G.,A"]
[Result "1-0"]
[WhiteElo "2469"]
[BlackElo "2404"]

1.d4 Nf6 2.c4 g6 3.Nc3 Bg7 4.e4 d6 5.Nf3 O-O 6.Be2 e5 7.O-O Nc6 8.d5 Ne7
9.b4 Ne8 10.c5 f5 11.Ba3 Nf6 12.Ng5 Kh8 13.b5 fxe4 14.Ngxe4 Nf5 15.Re1 Ne8
16.Bg4 Rf7 17.Rb1 Kg8 18.Bc1 h6 19.a4 Kh7 20.a5 Bf8 21.c6 b6 22.Ra1 Rb8 23.axb6 axb6
24.Ra7 Nf6 25.Nxf6+ Qxf6 26.Ne4 Qd8 27.Bb2 Bg7 28.Qd3 Ne7 29.Bxc8 Qxc8 30.Ba3 Ra8
31.Ra6 Nf5 32.Ra1 Rb8 33.Ra7 Ra8 34.Bxd6 Rxa7 35.Rxa7 Nd4 36.h3 Qb8 37.Rb7 Qa8
38.Rxc7 Qa1+ 39.Kh2 Rxc7 40.Bxc7 Qe1 41.Bxb6 Ne2 42.f3 h5 43.Bf2 Qf1 44.Ng3 Nxg3
45.Qxf1 Nxf1+ 46.Kg1 Nd2 47.c7  1-0

[Event "4th London Classic Open"]
[Site "London ENG"]
[Date "2012.12.08"]
[Round "8"]
[White "Sigurdsson,Birkir Karl"]
[Black "Phillips,William"]
[Result "1/2-1/2"]
[WhiteElo "1725"]
[BlackElo "1950"]

1.d4 Nf6 2.c4 g6 3.Nc3 Bg7 4.e4 d6 5.Nf3 O-O 6.Be2 e5 7.O-O Nc6 8.Be3 Ng4
9.Bg5 f6 10.Bc1 f5 11.exf5 gxf5 12.d5 Ne7 13.h3 Nf6 14.b4  1/2-1/2

[Event "4th Penang Heritage City Open"]
[Site "Penang MAS"]
[Date "2012.12.11"]
[Round "2.39"]
[White "Ramakrishnan,Ramesh"]
[Black "Lim,Ming Xian"]
[Result "1-0"]
[WhiteElo "1894"]
[BlackElo "1662"]

1.d4 Nf6 2.c4 g6 3.Nc3 Bg7 4.e4 d6 5.Be2 O-O 6.Nf3 e5 7.O-O Nc6 8.d5 Ne7
9.b4 Nh5 10.Re1 f5 11.Ng5 Nf6 12.Bf3 fxe4 13.Ngxe4 Nxe4 14.Nxe4 Nf5 15.Bb2 Kh8
16.g3 a5 17.bxa5 Rxa5 18.a4 b6 19.Bc3 Ra8 20.Bg2 Bd7 21.a5 bxa5 22.c5 Be8
23.Bxa5 Qe7 24.c6 Nh6 25.Re2 Ng8 26.Rb2 Nf6 27.Rb7 Nxe4 28.Bxe4 Rc8 29.Be1 Bf7
30.Raa7 Bg8 31.Ba5 Qf6 32.f3 Qg5 33.Qd2  1-0

[Event "4th Penang Heritage City Open"]
[Site "Penang MAS"]
[Date "2012.12.11"]
[Round "2.31"]
[White "Chan,Yi Meng Ryan"]
[Black "Chong Chor Yuen"]
[Result "0-1"]
[WhiteElo "1685"]
[BlackElo "2053"]

1.d4 Nf6 2.c4 g6 3.Nc3 Bg7 4.e4 d6 5.Nf3 O-O 6.Be2 e5 7.O-O Nc6 8.d5 Ne7
9.b4 a5 10.Ba3 axb4 11.Bxb4 b6 12.a4 h6 13.a5 bxa5 14.Rxa5 Rxa5 15.Bxa5 Ne8
16.Nd2 f5 17.f3 g5 18.Qc2 Ng6 19.Rc1 g4 20.Nb5 Nf4 21.Bd1 Qh4 22.g3 Nh3+
23.Kg2 Qg5 24.Qd3 gxf3+ 25.Bxf3 Nf4+ 26.Kg1 Nxd3 27.Rd1 Qe3+ 28.Kg2 fxe4
29.Bxe4 Rf2+ 30.Kh1 Qe2  0-1

[Event "IX Regina Helena Marques Prol"]
[Site "Santos BRA"]
[Date "2012.12.11"]
[Round "2.3"]
[White "Molina,Rob"]
[Black "Rocha,W"]
[Result "1-0"]
[WhiteElo "2418"]
[BlackElo "2427"]

1.d4 Nf6 2.c4 g6 3.Nc3 Bg7 4.e4 O-O 5.Nf3 d6 6.Be2 e5 7.O-O Nc6 8.d5 Ne7
9.b4 a5 10.Ba3 axb4 11.Bxb4 b6 12.a4 Ne8 13.Nb5 Bd7 14.a5 c5 15.Bc3 bxa5
16.Qa4 Nc8 17.Bxa5 Qe7 18.Qc2 Rb8 19.Bc3 f5 20.Nd2 fxe4 21.Nxe4 Bf5 22.Bd3 Rb7
23.Ra8 Bxe4 24.Rxc8 Bxg2 25.Rxe8 Rxe8 26.Kxg2 e4 27.Be2 Qg5+ 28.Kh1 Qf4 29.Bxg7 Rxg7
30.Qc3 Rf7 31.Qg3 Qd2 32.Qe3 Qxe3 33.fxe3 Rxf1+ 34.Bxf1 Rd8 35.Bg2 Kg7 36.Bxe4 Kf6
37.Kg2 Ke5 38.Bf3 Ra8 39.Kf2 Ra2+ 40.Be2 h5 41.h4 Ra1 42.Kg2 Ra2 43.Kf3 Ra1
44.Bd3 Rg1 45.Nc7 Rg4 46.Ne6 Rxh4 47.Nf4 Kf6 48.Nxg6 Rg4 49.Nf4 Rg5 50.Nh3 Rg8
51.Nf2 Ke5 52.Bf1 Rg1 53.Ke2 h4 54.Bh3 Rg3 55.Be6 Rg2 56.Bd7 Rg3 57.Bh3 Rg1
58.Kd3 Ra1 59.Ng4+ Kf5 60.Nh2+ Kf6 61.Nf3 Ra2 62.Be6 Ra3+ 63.Kd2 Ra2+ 64.Kc3 Ra3+
65.Kd2 Ra2+ 66.Kd1 Ra3 67.Nxh4 Rxe3 68.Nf5 Rc3 69.Nxd6 Ke5 70.Kd2 Ra3 71.Nb5 Ra2+
72.Kc3 Rg2 73.Kb3 Rf2 74.Bc8 Rf3+ 75.Kc2 Rf4 76.Kd3 Rf3+ 77.Kd2 Rf4 78.d6 Rf8
79.Bg4 Kf4 80.Bh3 Ke5 81.d7 Rb8 82.Kc2 Kf6 83.Na7  1-0

[Event "III ITT JAHV McGREGOR"]
[Site "Bogota COL"]
[Date "2012.12.13"]
[Round "3.34"]
[White "Guerrero,H"]
[Black "Barros,C"]
[Result "1-0"]
[WhiteElo "1919"]
[BlackElo "2238"]

1.d4 Nf6 2.c4 g6 3.Nc3 Bg7 4.Nf3 O-O 5.e4 d6 6.Be2 e5 7.O-O Nc6 8.d5 Ne7
9.b4 Ne8 10.Rb1 f5 11.Ng5 h6 12.Ne6 Bxe6 13.dxe6 Qc8 14.exf5 gxf5 15.Nd5 Qxe6
16.Bh5 c6 17.Nxe7+ Qxe7 18.b5 Nf6 19.Bg6 Ne4 20.Ba3 Rfd8 21.bxc6 bxc6 22.Bh5 Qg5
23.Rb7 d5 24.Qe2 Kh8 25.Bc1 Qf6 26.a3 dxc4 27.Qxc4 Rd4 28.Qc2 Rdd8 29.Bf3 Nd6
30.Rb2 a6 31.Rb6 e4 32.Be2 f4 33.Bb2 Qf7 34.Bxg7+ Qxg7 35.Qb2 Qxb2 36.Rxb2 f3
37.gxf3 Rg8+ 38.Kh1 exf3 39.Bxf3  1-0

[Event "IX Regina Helena Marques Prol"]
[Site "Santos BRA"]
[Date "2012.12.13"]
[Round "5.3"]
[White "Abdalla,L"]
[Black "Campelo,L"]
[Result "1-0"]
[WhiteElo "2322"]
[BlackElo "2247"]

1.d4 Nf6 2.c4 g6 3.Nc3 Bg7 4.e4 d6 5.Nf3 O-O 6.Be2 e5 7.O-O Nc6 8.d5 Ne7
9.b4 Nh5 10.g3 f5 11.Ng5 Nf6 12.Bf3 Kh8 13.Bg2 Nh5 14.Bf3 Nf6 15.Bg2 Nh5
16.exf5 Nxf5 17.Nge4 Nd4 18.Bg5 Nf6 19.f4 Nxe4 20.Bxd8 Nxc3 21.Qd2 Nce2+
22.Kh1 Rxd8 23.fxe5 dxe5 24.Rf2 Bg4 25.h3 Rf8 26.Rxf8+ Rxf8 27.hxg4 Nxg3+
28.Kh2 Nf1+ 29.Rxf1 Rxf1 30.c5 e4 31.Bxe4 Be5+ 32.Kh3 Rf4 33.Qe1 h5 34.gxh5 g5
35.Qe3 Rh4+ 36.Kg2 Rh2+ 37.Kf1 Ne2 38.Bf3 Bf4 39.Qe8+ Kg7 40.Bxe2  1-0

[Event "4th Penang Heritage City Open"]
[Site "Penang MAS"]
[Date "2012.12.14"]
[Round "8.31"]
[White "Chan Wei Yi,V"]
[Black "Lim,Ming Xian"]
[Result "1-0"]
[WhiteElo "1948"]
[BlackElo "1662"]

1.d4 Nf6 2.c4 g6 3.Nc3 Bg7 4.e4 d6 5.Nf3 O-O 6.Be2 e5 7.O-O Nc6 8.d5 Ne7
9.b4 Nh5 10.Re1 f5 11.Ng5 Nf6 12.Bf3 c6 13.Ba3 Rb8 14.Rc1 b5 15.dxc6 h6 16.Nxb5 Rxb5
17.cxb5 hxg5 18.exf5 gxf5 19.b6 axb6 20.b5 Ne8 21.Bh5 Rf6 22.Bxe8 Qxe8 23.Bxd6 e4
24.Bc7  1-0

[Event "III ITT JAHV McGREGOR"]
[Site "Bogota COL"]
[Date "2012.12.15"]
[Round "6.100"]
[White "Rodriguez Fernandez,Nelson G"]
[Black "Celis Vargas,Walter Enrique"]
[Result "1-0"]
[WhiteElo "1962"]
[BlackElo "1689"]

1.d4 Nf6 2.c4 g6 3.Nc3 Bg7 4.e4 d6 5.Be2 O-O 6.Nf3 e5 7.O-O Nc6 8.d5 Ne7
9.Ne1 Ne8 10.f3 f5 11.Be3 f4 12.Bf2 g5 13.Rc1 Ng6 14.c5 Nf6 15.cxd6 cxd6
16.Nb5 h5 17.Nc7 Bd7 18.Nxa8 Qxa8 19.Rc7 g4 20.Rxd7 Nxd7 21.fxg4 hxg4 22.Bxg4 Nf6
23.Bf5 Ne7 24.Be6+ Kh8 25.Bh4 Neg8 26.Rf3 Bh6 27.Rh3 Kg7 28.Nf3 Qd8 29.Bxf6+ Nxf6
30.Nh4 Nxe4 31.Qg4+ Bg5 32.Rb3 Qc7 33.h3 Qc1+ 34.Kh2 Kh6 35.Nf5+ Rxf5 36.Qxf5 Nf6
37.Bf7  1-0

[Event "Norberto La Porta Open A"]
[Site "Buenos Aires ARG"]
[Date "2012.12.17"]
[Round "3"]
[White "Spata,G"]
[Black "Tomas Falcon,Jesus"]
[Result "1-0"]
[WhiteElo "2263"]
[BlackElo "1871"]

1.Nf3 Nf6 2.c4 g6 3.d4 Bg7 4.Nc3 O-O 5.e4 d6 6.Be2 e5 7.O-O Nc6 8.d5 Ne7
9.Ne1 Nd7 10.f3 f5 11.g4 fxg4 12.fxg4 Rxf1+ 13.Kxf1 a5 14.Be3 b6 15.Nd3 Ba6
16.b3 Nc5 17.Nxc5 bxc5 18.Qd2 Qd7 19.Kg2 Rf8 20.Rf1 Ra8 21.h3 Bc8 22.Qe1 h6
23.Qh4 g5 24.Qh5 Ba6 25.h4 Qe8 26.hxg5 hxg5 27.Bxg5 Ng6 28.Bd3 Nf4+ 29.Bxf4 exf4
30.Ne2 Qxh5 31.gxh5 Be5 32.Nxf4 Bc8 33.Ng6 Bd4 34.e5 Bg4 35.h6 Be3 36.Ne7+ Kh8
37.Rf7  1-0

[Event "19th Zadar Open A"]
[Site "Zadar CRO"]
[Date "2012.12.17"]
[Round "2.15"]
[White "Franic,M"]
[Black "Ivic,Mat"]
[Result "1-0"]
[WhiteElo "2414"]
[BlackElo "2285"]

1.d4 Nf6 2.c4 g6 3.Nc3 Bg7 4.e4 d6 5.Nf3 O-O 6.Be2 e5 7.O-O Nc6 8.d5 Ne7
9.Bd2 c5 10.Ne1 Ne8 11.f3 f5 12.g4 Nf6 13.Nd3 Kh8 14.Kh1 Neg8 15.Rg1 f4 16.a3 h5
17.g5 Nh7 18.h4 Bh6 19.Be1 Nxg5 20.hxg5 Bxg5 21.b4 b6 22.Bf1 Kg7 23.Ra2 Nh6
24.Rh2 Ng4 25.fxg4 hxg4 26.Rxg4 Bxg4 27.Qxg4 f3 28.Bg3 Qf6 29.Nb5 Rf7 30.Nxd6  1-0

[Event "ITT Cerrado LAB IM 2012"]
[Site "Bogota COL"]
[Date "2012.12.18"]
[Round "2.1"]
[White "Hevia,A"]
[Black "Condori,E"]
[Result "1-0"]
[WhiteElo "2508"]
[BlackElo "2205"]

1.d4 Nf6 2.Nf3 g6 3.c4 Bg7 4.Nc3 O-O 5.e4 d6 6.Be2 e5 7.O-O Nc6 8.d5 Ne7
9.b4 Nh5 10.g3 f5 11.Ng5 Nf6 12.f3 f4 13.Kg2 fxg3 14.hxg3 Nh5 15.Ne6 Bxe6
16.dxe6 Nf4+ 17.gxf4 exf4 18.Qd3 Nf5 19.Rf2 Qh4 20.exf5 Rxf5 21.Bxf4 Rh5
22.Rff1 Qxf4 23.Kf2 Qh2+ 24.Ke3 Re5+ 25.Kd2 Re8 26.Kc2 R5xe6 27.f4  1-0

[Event "11th IM Int"]
[Site "Sao Jose do Rio Preto BRA"]
[Date "2012.12.18"]
[Round "3.2"]
[White "Oliveira,Si"]
[Black "Supi,L"]
[Result "1-0"]
[WhiteElo "2321"]
[BlackElo "2299"]

1.d4 Nf6 2.c4 g6 3.Nc3 Bg7 4.e4 d6 5.Nf3 O-O 6.Be2 e5 7.O-O Nc6 8.d5 Ne7
9.b4 Ne8 10.Re1 h6 11.c5 f5 12.Nd2 Nf6 13.Ba3 Kh8 14.f3 f4 15.Nc4 Ne8 16.cxd6 cxd6
17.b5 g5 18.Qb3 Ng8 19.b6 a6 20.Rac1 h5 21.Rc2 g4 22.Rec1 Nh6 23.Na4 Rf7
24.Nxd6 Nxd6 25.Bxd6 g3 26.h3 Bxh3 27.Bc7 Qh4 28.gxh3 g2 29.Bc4 Ng4 30.hxg4 Qh1+
31.Kf2 Qh2 32.Rg1 Qg3+ 33.Ke2 h4 34.d6 Rff8 35.Nc5 h3 36.Ne6 h2 37.Rcc1 Bh6
38.d7 h1=Q 39.Nxf8 Qhh3 40.Bxe5+  1-0

[Event "19th Zadar Open A"]
[Site "Zadar CRO"]
[Date "2012.12.18"]
[Round "4.4"]
[White "Lalic,B"]
[Black "Saric,Iv"]
[Result "1/2-1/2"]
[WhiteElo "2484"]
[BlackElo "2626"]

1.d4 Nf6 2.c4 g6 3.Nc3 Bg7 4.e4 d6 5.Nf3 O-O 6.Be2 e5 7.O-O Nc6 8.Be3 Ng4
9.Bg5 Qd7 10.d5 Nd8 11.Ne1 f5 12.Bxg4 fxg4 13.Nd3 Nf7 14.Be3 b6 15.b4 Qe7
16.Qd2 a5 17.a3 Ba6 18.c5 bxc5 19.bxc5 Qh4 20.a4 dxc5 21.Nb5 c4 22.Nc5 Bxb5
23.axb5 Bh6 24.Bxh6 Qxh6 25.Qxh6 Nxh6 26.Nd7 Rf7 27.Nxe5 Re7 28.Nxc4 Rxe4
29.Nxa5 Nf5 30.Nc6  1/2-1/2

[Event "19th Zadar Open A"]
[Site "Zadar CRO"]
[Date "2012.12.19"]
[Round "6.10"]
[White "Franic,M"]
[Black "Jovanovic,Zo CRO"]
[Result "0-1"]
[WhiteElo "2414"]
[BlackElo "2503"]

1.d4 Nf6 2.c4 d6 3.Nf3 g6 4.Nc3 Bg7 5.e4 O-O 6.Be2 e5 7.O-O Nc6 8.d5 Ne7
9.Bd2 Ne8 10.b4 f5 11.Qb3 h6 12.Ne1 Nf6 13.f3 f4 14.Nd3 g5 15.Nf2 h5 16.h3 Rf7
17.Rfc1 Bf8 18.c5 Ng6 19.Nb5 Rg7 20.Be1 Nh8 21.Rc2 a6 22.Na3 Nf7 23.Rac1 Nh6
24.cxd6 cxd6 25.b5 g4 26.Kf1 gxh3 27.gxh3 Nh7 28.bxa6 bxa6 29.Bd1 Ng5 30.Ba5 Qe8
31.h4 Nh3 32.Nxh3 Bxh3+ 33.Ke2 Rb8 34.Qc4 Rg1 35.Kd2 Qg6 36.Be2 Rg2 37.Rb1 Rxb1
38.Nxb1 Qg3 39.Kc1 Qxh4 40.Qxa6 Rg7 41.a4 Bg2 42.Rc8 Qf6 43.Bd8 Qf7 44.Nc3 Kh7
45.Nb5 Qg6 46.Bh4 Be7 47.Qa8 Ng8 48.Bxe7 Rxe7 49.Nxd6 Bh3 50.Nf5 Qg1+ 51.Kd2 Bxf5
52.exf5 Qe3+ 53.Kd1 Rg7 54.Qa6 Rg1+ 55.Kc2 Rc1+ 56.Kb2 Qd2+  0-1

[Event "11th IM Int"]
[Site "Sao Jose do Rio Preto BRA"]
[Date "2012.12.20"]
[Round "5.1"]
[White "Oliveira,Si"]
[Black "Freitas,R"]
[Result "0-1"]
[WhiteElo "2321"]
[BlackElo "2279"]

1.d4 Nf6 2.c4 g6 3.Nc3 Bg7 4.e4 d6 5.Be2 O-O 6.Nf3 e5 7.O-O Nc6 8.d5 Ne7
9.b4 Ne8 10.Nd2 f5 11.c5 Nf6 12.f3 f4 13.Nc4 g5 14.Ba3 Ng6 15.b5 dxc5 16.Bxc5 Rf7
17.a4 h5 18.h3 Bf8 19.Bf2 g4 20.hxg4 hxg4 21.fxg4 Bb4 22.Rc1 Rh7 23.g5 Kf7  0-1

[Event "11th IM Int"]
[Site "Sao Jose do Rio Preto BRA"]
[Date "2012.12.22"]
[Round "8.3"]
[White "Barreto Filho,C"]
[Black "Della Morte,G"]
[Result "0-1"]
[WhiteElo "2258"]
[BlackElo "2325"]

1.d4 Nf6 2.c4 g6 3.Nc3 Bg7 4.e4 d6 5.Nf3 O-O 6.Be2 e5 7.O-O Nc6 8.d5 Ne7
9.Ne1 Nd7 10.Nd3 f5 11.Bd2 Nf6 12.f3 f4 13.c5 g5 14.Rc1 Ng6 15.Nb5 Rf7 16.Ba5 b6
17.cxd6 cxd6 18.Be1 a6 19.Nc3 h5 20.Nb4 Bf8 21.Nc6 Qe8 22.Na4 Nd7 23.Bf2 b5
24.Nb6 Nxb6 25.Bxb6 Bd7 26.a4 bxa4 27.Qxa4 g4 28.Qa5 Rg7 29.Qe1 g3 30.h3 Bxh3
31.gxh3 Qd7 32.Rf2 gxf2+ 33.Kxf2 Be7  0-1

[Event "Ptuj Open 2012"]
[Site "Ptuj SLO"]
[Date "2012.12.26"]
[Round "6.4"]
[White "Grah,Matej"]
[Black "Bohak,J"]
[Result "1/2-1/2"]
[WhiteElo "1664"]
[BlackElo "2068"]

1.d4 Nf6 2.c4 g6 3.Nc3 Bg7 4.e4 d6 5.Nf3 O-O 6.Be2 e5 7.O-O Nc6 8.d5 Ne7
9.b4 Nh5 10.Re1 h6 11.Bd2 f5 12.Nh4 Nf6 13.Bd3 f4 14.g3 Nh7 15.Qc2 Ng5 16.Bf1 Nh3+
17.Bxh3 Bxh3 18.Qd1 g5 19.Ng2 Qd7 20.f3 h5 21.Kh1 Ng6 22.Rg1 g4 23.Ne1 Rf7
24.Nd3 fxg3 25.Rxg3 Raf8 26.Nf2 Rxf3 27.Nxh3 Rxg3 28.hxg3 gxh3 29.Qxh5 Nh8
30.Be3 Bf6 31.Rf1 Rf7 32.Kh2 Qe7 33.Bh6 Bg7 34.Rxf7 Nxf7 35.Bxg7 Kxg7 36.Kxh3 Qf6
37.Kg2 Ng5 38.Qg4 Qg6 39.Nb5 Nxe4 40.Qxg6+ Kxg6 41.Nxc7 Kf5 42.Ne8 b6 43.a3 Kg6
44.Nc7 Nd2 45.Nb5 Nxc4 46.Nxa7 Nxa3 47.Nc8 Nb5 48.Nxb6 Kf5 49.Kf2 Ke4  1/2-1/2

[Event "ALG-TUR Men 2012"]
[Site "Algiers ALG"]
[Date "2012.12.28"]
[Round "5.2"]
[White "Haddad,Oussama"]
[Black "Arat,Uf"]
[Result "0-1"]
[WhiteElo "2053"]
[BlackElo "2159"]

1.d4 Nf6 2.c4 g6 3.Nc3 Bg7 4.e4 d6 5.Nf3 O-O 6.Be2 e5 7.O-O Nc6 8.d5 Ne7
9.Ne1 Nd7 10.Be3 f5 11.f3 f4 12.Bf2 g5 13.Rc1 Rf7 14.Nd3 Nf6 15.c5 Ng6 16.b4 h5
17.Qc2 g4 18.cxd6 cxd6 19.Nb5 g3 20.Bxa7 Bf8 21.Nc5 dxc5 22.bxc5 Nh7 23.d6 Qh4
24.h3 Rg7 25.Bb6 Ng5 26.Nc7 Kh7 27.Bb5 Ra3 28.Ne8 Bxh3 29.gxh3 Qxh3 30.d7 Nh4
31.Nf6+ Kh8 32.Qe2 Ngxf3+ 33.Rxf3 Nxf3+ 34.Qxf3 Rxf3 35.Rc2 g2  0-1

[Event "88th Hastings Masters"]
[Site "Hastings ENG"]
[Date "2013.01.01"]
[Round "5.6"]
[White "Kjartansson,G"]
[Black "Vovk,A"]
[Result "1-0"]
[WhiteElo "2404"]
[BlackElo "2567"]

1.d4 Nf6 2.c4 g6 3.Nc3 Bg7 4.e4 d6 5.Nf3 O-O 6.Be2 e5 7.O-O Nc6 8.d5 Ne7
9.Ne1 Nd7 10.Be3 f5 11.f3 f4 12.Bf2 g5 13.Rc1 Ng6 14.Nb5 b6 15.b4 a6 16.Nc3 Rf7
17.Nd3 Bf8 18.c5 Rg7 19.cxd6 Bxd6 20.Nb2 Nf6 21.Nc4 Bxb4 22.d6 Bxc3 23.dxc7 Qxd1
24.Rfxd1 Rxc7 25.Bxb6 Rc6 26.Rxc3 Be6 27.Rdc1 Rb8 28.Ba5 Bd7 29.a3 Kg7 30.Bb4 g4
31.Nd6 Rxc3 32.Bxc3 h5 33.Nf5+ Kh7 34.Bb4 Bb5 35.Bxb5 Rxb5 36.Rc7+ Kh8 37.Rc6 a5
38.Be1 Rb1 39.Kf1 Nd7 40.Rxg6 Nc5 41.Rd6 Rb3 42.Bf2 Nd3 43.Bh4 Rxa3 44.Rd7 Kg8
45.Nh6+ Kf8 46.Bf6 Ra1+ 47.Ke2 gxf3+ 48.gxf3 Re1+ 49.Kd2  1-0

[Event "Australian Open 2013"]
[Site "Cammeray AUS"]
[Date "2013.01.02"]
[Round "1.25"]
[White "Luchtmeijer,A"]
[Black "Dickson,I"]
[Result "1-0"]
[WhiteElo "2108"]
[BlackElo "1790"]

1.d4 Nf6 2.c4 g6 3.Nc3 Bg7 4.e4 d6 5.Nf3 O-O 6.Be2 e5 7.O-O Nc6 8.d5 Ne7
9.Ne1 Nd7 10.Be3 f5 11.f3 f4 12.Bf2 g5 13.Rc1 Ng6 14.Nb5 Nf6 15.c5 Ne8 16.cxd6 cxd6
17.Nxa7 Bd7 18.Qb3 h5 19.Nc6 bxc6 20.dxc6+ Kh7 21.cxd7 Qxd7 22.Bb5 Qd8 23.a4 Rb8
24.Nd3 Nf6 25.Rfd1 Qe7 26.Nb4 Rbc8 27.Nc6 Qf7 28.Qxf7 Rxf7 29.Rxd6 Rfc7 30.Bb6 Rd7
31.Rcd1 Rb7 32.a5 Bf8 33.Rxf6  1-0

[Event "25th Staufer Open"]
[Site "Schwaebisch Gmuend GER"]
[Date "2013.01.02"]
[Round "2.10"]
[White "Krassowizkij,J"]
[Black "Zuehlke,B"]
[Result "0-1"]
[WhiteElo "2400"]
[BlackElo "2048"]

1.d4 Nf6 2.c4 g6 3.Nc3 Bg7 4.e4 d6 5.Nf3 O-O 6.Be2 e5 7.O-O Nc6 8.d5 Ne7
9.Ne1 Nd7 10.Be3 f5 11.f3 f4 12.Bf2 g5 13.a4 a5 14.Nd3 Ng6 15.c5 Nf6 16.Rc1 Rf7
17.cxd6 cxd6 18.Nb5 g4 19.fxg4 Nxe4 20.Qc2 Nxf2 21.Nxf2 f3 22.Bxf3 Bh6 23.Ne4 Bxc1
24.Qxc1 Qb6+ 25.Kh1 Bd7 26.Nbxd6 Rf4 27.g3 Rff8 28.Qh6 Bxg4 29.Ng5 Qc7 30.Bxg4 Rxf1+
31.Kg2 Raf8 32.Ne6 Qc2+ 33.Kh3 Qxh2+  0-1

[Event "25th Staufer Open"]
[Site "Schwaebisch Gmuend GER"]
[Date "2013.01.02"]
[Round "2.23"]
[White "Hebbering,Tom Elliot"]
[Black "Sohlmann,Jan-Henning"]
[Result "0-1"]
[WhiteElo "1995"]
[BlackElo "2253"]

1.d4 Nf6 2.c4 g6 3.Nc3 Bg7 4.e4 d6 5.Nf3 O-O 6.Be2 e5 7.O-O Nc6 8.d5 Ne7
9.Ne1 Nd7 10.Be3 f5 11.f3 f4 12.Bf2 g5 13.a4 a5 14.Nd3 Nf6 15.c5 Rf7 16.cxd6 cxd6
17.Be1 Bf8 18.Nf2 h5 19.h3 Rg7 20.Nb5 Kh8 21.Ra3 Neg8 22.b4 axb4 23.Bxb4 Nh6
24.Bd2 g4 25.fxg4 hxg4 26.hxg4 Nhxg4 27.Qc2 Nxf2 28.Rxf2 Rh7 29.Rc3 Ng4 30.Rff3 Qb6+
31.Be3 Nxe3 32.Rcxe3 Bg4 33.a5 Rxa5  0-1

[Event "XLII Rilton Cup"]
[Site "Stockholm SWE"]
[Date "2013.01.02"]
[Round "6.5"]
[White "L'Ami,E"]
[Black "Nithander,V"]
[Result "1/2-1/2"]
[WhiteElo "2625"]
[BlackElo "2443"]

1.d4 Nf6 2.c4 g6 3.Nc3 Bg7 4.e4 d6 5.Nf3 O-O 6.Be2 e5 7.O-O Nc6 8.dxe5 dxe5
9.Bg5 Qxd1 10.Rfxd1 Bg4 11.h3 Bxf3 12.Bxf3 Nd4 13.Nd5 Nxd5 14.cxd5 h6 15.Bd2 c6
16.dxc6 Nxc6 17.Be2 Nd4 18.Bc4 Rac8 19.Rac1 b5 20.Bd3 a6 21.Kf1 Rfe8 22.Rc3 Bf8
23.Rxc8 Rxc8 24.Bc3 Bc5 25.Rc1 Bb6 26.Bd2 Rxc1+ 27.Bxc1 h5 28.h4 Ne6 29.g3 Bd4
30.Ke2 Nc5 31.Bc2 Kg7 32.b4 Ne6 33.Bd2 Bb6 34.Bd1 f6 35.Kf1 Kf7 36.Bb3 Ke7
37.Bd5 Nd8 38.Kg2 Bd4 39.f4 exf4 40.gxf4 Kd6 41.Kf3 f5 42.Be1 Kd7 43.exf5 gxf5
44.Kg3 Be3 45.Bf3 Ne6 46.Bb7 Bxf4+ 47.Kf3 Bd6 48.Bxa6 Nd4+ 49.Kg2 Kc6 50.Bc8 Kc7
51.Ba6 Kb6 52.Bc8 Kc7 53.Ba6 Kb6  1/2-1/2

[Event "XLII Rilton Cup"]
[Site "Stockholm SWE"]
[Date "2013.01.03"]
[Round "7.17"]
[White "Olund,Joar"]
[Black "L'Ami,Alina"]
[Result "0-1"]
[WhiteElo "2193"]
[BlackElo "2390"]

1.d4 Nf6 2.c4 g6 3.Nc3 Bg7 4.e4 d6 5.Be2 O-O 6.Nf3 e5 7.O-O Nc6 8.d5 Ne7
9.Ne1 Nd7 10.Nd3 f5 11.Bd2 Nf6 12.f3 f4 13.g4 g5 14.Be1 h5 15.h3 hxg4 16.hxg4 Ng6
17.c5 Rf7 18.Rf2 Bf8 19.cxd6 cxd6 20.Rh2 Be7 21.Bf2 Qf8 22.Bf1 Bd8 23.a4 Bb6
24.a5 Bxf2+ 25.Nxf2 Qd8 26.Ra3 Nh4 27.Rh3 Bd7 28.a6 Rb8 29.axb7 Rxb7 30.Qe2 Qb8
31.Ra2 Ne8 32.Rh2 Kg7 33.Nh3 Kf6 34.Nxf4 exf4 35.e5+ dxe5 36.Ne4+ Kg6 37.Qf2 Qd8
38.Bd3 Kg7 39.Nc5 Rc7 40.b4 Bc8 41.Rd2 Qxd5 42.Rxh4 gxh4 43.Qxh4 Rxc5 44.bxc5 e4
45.fxe4 Qxc5+ 46.Kh2 Rf8 47.Rc2 Qxc2+ 48.Bxc2 Rh8 49.Qxh8+ Kxh8 50.g5 Kg7
51.e5 Nc7 52.Kg2 Bg4  0-1